000
00260nam a2200121Ia 4500
100
_a
#N/A
650
_a
Computer/ IT
942
_c
BK
654
_a
5s
245
_a
Training Modules on Five S in Eng & Hindi Voice Support
260
_b
#N/A
546
_a
ENGLISH
999
_c
18524
_d
18524